[Event "10. Torneo IRT Mostoles 2019"]
[Site "Móstoles ESP"]
[Date "2019.07.24"]
[Round "7.16"]
[White "Tudoroiu, Adrian Eugen"]
[Black "Cujba, Anca-Claudia"]
[Result "0-1"]
[WhiteElo "1108"]
[BlackElo "1620"]
[PlyCount "74"]
[EventDate "2019.07.18"]
[EventType "swiss"]
[EventRounds "9"]
[EventCountry "ESP"]
[SourceTitle "Ajedrez en Madrid"]
[Source "lmi"]
[SourceDate "2019.07.18"]
[SourceVersion "1"]
[SourceVersionDate "2019.07.28"]
[SourceQuality "1"]

1. c4 c5 2. Nc3 Nc6 3. g3 Nf6 4. Bg2 e6 5. d3 d5 6. Qb3 d4 7. Ne4 e5 8. e3 Be7
9. h3 O-O 10. Qd1 Bd7 11. Nf3 Rb8 12. Nfd2 Nb4 13. Nb3 Qc8 14. a3 Na6 15. Nbd2
Ne8 16. Nf3 f6 17. h4 dxe3 18. fxe3 b5 19. Qb3 bxc4 20. Qxc4+ Kh8 21. Bf1 Nec7
22. Nc3 Be6 23. Qa4 Bb3 24. Qe4 Bd6 25. Bh3 f5 26. Bxf5 Qxf5 27. Qxf5 Rxf5 28.
Ke2 Rbf8 29. Rf1 c4 30. d4 exd4 31. exd4 Bxg3 32. Bg5 h6 33. Be7 Re8 34. Ne5
Rxf1 35. Rxf1 Rxe7 36. Ne4 Bxe5 37. dxe5 Rxe5 0-1

[Event "10. Torneo IRT Mostoles 2019"]
[Site "Móstoles ESP"]
[Date "2019.07.24"]
[Round "7.17"]
[White "Ghavami, Mahmoud"]
[Black "Olmedo Alvarez, Jesus"]
[Result "1-0"]
[WhiteElo "1583"]
[BlackElo "1377"]
[PlyCount "77"]
[EventDate "2019.07.18"]
[EventType "swiss"]
[EventRounds "9"]
[EventCountry "ESP"]
[SourceTitle "Ajedrez en Madrid"]
[Source "lmi"]
[SourceDate "2019.07.18"]
[SourceVersion "1"]
[SourceVersionDate "2019.07.28"]
[SourceQuality "1"]

1. d4 e6 2. c4 f5 3. Nc3 c6 4. g3 Nf6 5. Bg2 d5 6. cxd5 cxd5 7. Nf3 a6 8. Bf4
Be7 9. O-O O-O 10. Ne5 Nbd7 11. Rb1 Nh5 12. Nxd7 Bxd7 13. Be5 Nf6 14. e3 Ng4
15. Qd2 Nxe5 16. dxe5 Bc6 17. Ne2 Bb5 18. Rfe1 Qc7 19. f4 Qc4 20. a3 Qd3 21.
Rbd1 Qxd2 22. Rxd2 Rac8 23. Nd4 Bd7 24. Ree2 Rc7 25. Bf3 Rfc8 26. h3 b5 27. Rg2
Bc5 28. g4 Bxd4 29. exd4 Rf8 30. Rgf2 Be8 31. gxf5 exf5 32. Bxd5+ Kh8 33. Bg2
Bh5 34. d5 Be8 35. Rfe2 Rc4 36. d6 Bd7 37. e6 Bxe6 38. Rxe6 Rxf4 39. d7 1-0

[Event "10. Torneo IRT Mostoles 2019"]
[Site "Móstoles ESP"]
[Date "2019.07.24"]
[Round "7.20"]
[White "Salgado Duarte, Pablo"]
[Black "Lopez Manso, Jeronimo"]
[Result "1-0"]
[WhiteElo "1492"]
[BlackElo "1560"]
[PlyCount "122"]
[EventDate "2019.07.18"]
[EventType "swiss"]
[EventRounds "9"]
[EventCountry "ESP"]
[SourceTitle "Ajedrez en Madrid"]
[Source "lmi"]
[SourceDate "2019.07.18"]
[SourceVersion "1"]
[SourceVersionDate "2019.07.28"]
[SourceQuality "1"]

1. d4 d5 2. c4 dxc4 3. Nc3 Nf6 4. Nf3 Nc6 5. e3 Bg4 6. Bxc4 e6 7. Be2 Be7 8.
O-O O-O 9. a3 Ne8 10. b4 f5 11. Qb3 Qd7 12. Bc4 Nd8 13. Ne5 Qd6 14. Nb5 Qb6 15.
Nd7 Qc6 16. Nxf8 Kxf8 17. d5 exd5 18. Bd3 Nd6 19. Nxd6 Bxd6 20. h3 Bh5 21. Bxf5
Bf7 22. Qd3 g6 23. Bg4 Be5 24. Rb1 Qd6 25. Bb2 Nc6 26. f4 Bxb2 27. Rxb2 Qf6 28.
Rd2 Ne7 29. e4 Rd8 30. e5 Qb6+ 31. Kh2 h5 32. Bf3 Be6 33. Rc1 c6 34. Qc2 Qe3
35. Rf2 Bf5 36. Qd2 Qxa3 37. Rff1 Qb3 38. Qc3 Qxc3 39. Rxc3 Kg7 40. g4 hxg4 41.
hxg4 Be6 42. Kg3 d4 43. Rcc1 Nd5 44. Bxd5 Bxd5 45. f5 d3 46. Rcd1 Bb3 47. Rd2
g5 48. e6 Kf6 49. Rh1 b6 50. Rh7 a5 51. bxa5 bxa5 52. Rf7+ Ke5 53. Rc7 a4 54.
Rxc6 a3 55. Ra6 a2 56. e7 Re8 57. Rxd3 Bc4 58. Ra5+ Ke4 59. Rd1 Ke3 60. f6 Ke2
61. Rd8 Bf7 1-0

[Event "10. Torneo IRT Mostoles 2019"]
[Site "Móstoles ESP"]
[Date "2019.07.24"]
[Round "7.21"]
[White "Olmedo Aznar, Mario"]
[Black "Olmedo Alvarez, Marcos"]
[Result "0-1"]
[WhiteElo "1163"]
[BlackElo "1357"]
[PlyCount "84"]
[EventDate "2019.07.18"]
[EventType "swiss"]
[EventRounds "9"]
[EventCountry "ESP"]
[SourceTitle "Ajedrez en Madrid"]
[Source "lmi"]
[SourceDate "2019.07.18"]
[SourceVersion "1"]
[SourceVersionDate "2019.07.28"]
[SourceQuality "1"]

1. d4 Nf6 2. Bf4 e6 3. e3 Be7 4. Nf3 d5 5. Bd3 O-O 6. Nbd2 c5 7. c3 Nc6 8. O-O
Nh5 9. Bg3 Nxg3 10. hxg3 g6 11. e4 dxe4 12. Bxe4 cxd4 13. cxd4 Nxd4 14. Nb3
Nxf3+ 15. Qxf3 f5 16. Bxb7 Bxb7 17. Qxb7 Bf6 18. Rab1 Rf7 19. Qc6 Qe8 20. Qxe8+
Rxe8 21. Rfe1 e5 22. Nd4 e4 23. Nb5 Be5 24. f4 a6 25. Na3 Bd4+ 26. Kf1 Rc7 27.
Red1 Bg7 28. Ke2 Rb7 29. Nc4 Reb8 30. b3 h6 31. Na5 Rc7 32. Nc4 Rc5 33. Rd6
Rxc4 34. bxc4 Rxb1 35. Rxa6 Rb2+ 36. Ke3 Kh7 37. c5 Rxg2 38. c6 Rxg3+ 39. Kf2
Rc3 40. Rb6 h5 41. a4 Rc5 42. Rb1 Rxc6 0-1